01012cam a2200265 a 45000010008000000030010000080050017000180080041000350100017000760200017000930400009001100500027001190820020001461000026001662450098001922500022002902600046003123000033003585000020003915000074004116500038004856500027005236500044005508560152005941493171NUST-PNEC20170116180740.0880610s1988 waua 001 0 eng  a 88021104  a1556151314 : cPNEC00aQA76.8.I1015bN67 198800a005.265 NOR2191 aNorton, Peter,d1943-14aThe new Peter Norton programmer's guide to the IBM PC & PS/2 /cPeter Norton, Richard Wilton. a2nd ed. revision. aRedmond, Wash. :bMicrosoft Press,c1988. axi, 511 p. :bill. ;c24 cm. aIncludes index. aRev. ed. of: The Peter Norton programmer's guide to the IBM PC. 1985. 0aIBM microcomputersxMIS, Computer 0aIBM Personal Computer. 0aIBM Personal System/2 (Computer system) uhttp://www.amazon.com/Peter-Norton-Programmers-Personal-Computer/dp/1556151314/ref=sr_1_1?s=books&ie=UTF8&qid=1418511216&sr=1-1&keywords=1556151314